000 00893nas a2200313 4500
001 BR0904680
003 BR-BrBNA
005 20231205113527.0
007 ta
008 230509b bl.|||p| |||| 00| 00por d
040 _aBR-BrBNA
_bpor
_cBiblioteca Nacional de Agricultura
041 _a(Pt)
072 _aL01; J13
100 1 _aCosta, O.A.D.
100 1 _aLudke, J.V.
100 1 _aCosta, M.J.R.P. da
100 1 _aFaucitano, L.
100 1 _aPeloso, J.V.
100 1 _aRoza, D.D.
245 1 _aModelo de carroceria e seu impacto sobre o bem -estar e a qualidade da carne dos suínos
650 _aSUÍNO
650 _aTRANSPORTE
650 _aMANEJO
650 _aABATE
650 _aCARCAÇA
773 0 _tCiência Rural (Brazil)
_xISSN 0103-8478
_g(Sep-Oct 2007), v. 37(5) p. 1418-1422
_wBR0904680
909 _a202311
_bLúcia
_c55
_dLúcia Elande
942 _2AGRIS
_n0
_cANA
999 _c204257
_d204257